Tech Talk. Intermediate. Audio CD

Na minha lista:
Detalhes bibliográficos
Main Authors: Hollett, Vicki, Sydes, John (Author)
Formato: Software Livro
Idioma:inglês
Publicado em: Oxford Oxford University Press 2009
Assuntos:
Acesso em linha:View in OPAC
Tags: Adicionar Tag
Sem tags, seja o primeiro a adicionar uma tag!

MARC

LEADER 00000nam a2200000 a 4500
005 20260127134244.0
007 co ugu
008 101201 2009 enk 000 0 eng d
020 |a 9780194575454 
035 |a vtls010193707 
039 9 |a 201012011449  |b mschk03  |y 201012011446  |z mschk03 
040 |a STUSCHK1  |b slo  |c STUSCHK1  |e AACR2 
080 |a 802.0 
100 1 |a Hollett, Vicki 
245 1 |a Tech Talk. Intermediate. Audio CD  |c Vicki Hollett, John Sydes 
260 |a Oxford  |b Oxford University Press  |c 2009 
300 |a 1 CD 
650 0 |a angličtina 
700 1 |a Sydes, John  |4 aut 
910 |a SCHK95 
919 |a 978-0-19-457545-4 
999 |c 7987  |d 7987